Vplyv senzorického marketingu na nákupné správanie spotrebiteľov diplomová práca

Gespeichert in:
Bibliographische Detailangaben
1. Verfasser: Černáková, Michaela
Körperschaft: Obchodná fakulta EU. Katedra marketingu
Weitere Verfasser: Matušovičová, Monika, 1967-
Format: Buch
Sprache:Slowakisch
Veröffentlicht: Bratislava 2014
Tags: Tag hinzufügen
Keine Tags, Fügen Sie das erste Tag hinzu!

MARC

LEADER 00000nbm a2200000 4500
001 0185959
005 20170201094116.8
041 0 |a slo 
044 |a SK 
245 1 0 |a Vplyv senzorického marketingu na nákupné správanie spotrebiteľov  |b diplomová práca  |c Michaela Černáková ; školiteľ: Monika Matušovičová 
264 1 |a Bratislava  |c 2014 
300 |a 75 s. 
100 1 |a Černáková, Michaela 
700 1 |a Matušovičová, Monika, 1967- 
710 2 |a Obchodná fakulta EU. Katedra marketingu